000 01180cam a22002054a 4500
005 20250605164407.0
008 250528s ||||||||||||||||||||||||d
035 _a24858
020 _a9781292223124
040 _aGR-AtMCL
_bgre
_dGR-AtMCL
_eAACR2
245 1 _aElectrical Engineering / Principles and Applications: Seventh Edition
250 _a7th
260 _bPearson,
_c2019
300 _a898
520 _aPractical Applications of Electrical Engineering Principles, Introduction, Resistive Circuits, Inductance and Capacitance, Transients, Steady-State Sinusoidal Analysis, Frequency Response and Bode Plots, Logic Circuits, Computers and Microcontrollers and Computer-Based Instrumentation, Diodes, Amplifier: Specifications and External Characteristics, Field-Effect Transistors, Bipolar Junction Transistors, Operational Amplifiers, Magnetic Circuits and Transformers, DC Machines, AC Machines, Appendices, Complex Numbers, Nominal Values and the Color Code for Resistors, The Fundamentals of Engineering, Answers for the Practice Tests, On-Line Student Resources, Index.
700 1 _aHambley Allan R
_99603
942 _cBK
999 _c9695
_d9695